[Event "St Petersburg Summer op"]
[Site "St Petersburg"]
[Date "2017.08.18"]
[Round "3"]
[White "Ovchinnikov, Vsevolod"]
[Black "Lipchanskiy, Vladimir"]
[Result "1-0"]
[WhiteElo "2380"]
[BlackElo "2091"]
[PlyCount "73"]
[EventDate "2017.08.16"]
[EventType "swiss"]
[EventRounds "9"]
[EventCountry "RUS"]
[SourceTitle "CBM 180 Extra"]
[Source "ChessBase"]
[SourceDate "2017.10.06"]
[SourceVersion "1"]
[SourceVersionDate "2017.10.06"]
[SourceQuality "1"]

1. Nf3 Nf6 2. c4 g6 3. b3 Bg7 4. Bb2 0-0 5. g3 c5 6. Bg2 Nc6 7. 0-0 a6 8. d4 cxd4 9. Nxd4 Qb6 10. Nc2 d6 11. Ne3 Be6 12. Nc3 Qa5 13. Qd2 Qh5 14. Ned5 Ng4 15. h3 Nge5 16. f4 Nd7 17. g4 Qh4 18. Nc7 Rac8 19. Nxe6 fxe6 20. Ne4 Bxb2 21. Qxb2 e5 22. e3 h6 23. Rad1 Nd8 24. Nxd6 exd6 25. Rxd6 Nc5 26. Rxg6+ Kh7 27. Rb6 Qe7 28. b4 Nd7 29. Qc2+ e4 30. Bxe4+ Kg7 31. Rg6+ Kf7 32. Bd5+ Ke8 33. Rxh6 Qxe3+ 34. Kg2 Ne5 35. Rh5 Rxf4 36. Rxf4 Qxf4 37. Qe2 1-0